Business Research Methods (Record no. 352110)

000 -LEADER
fixed length control field 00539nam a22001937a 4500
003 - CONTROL NUMBER IDENTIFIER
control field OSt
005 - DATE AND TIME OF LATEST TRANSACTION
control field 20180116183107.0
008 - FIXED-LENGTH DATA ELEMENTS--GENERAL INFORMATION
fixed length control field 171031b xxu||||| |||| 00| 0 eng d
020 ## - INTERNATIONAL STANDARD BOOK NUMBER
International Standard Book Number 9780198747581
040 ## - CATALOGING SOURCE
Transcribing agency 0
082 ## - DEWEY DECIMAL CLASSIFICATION NUMBER
Classification number 650.072 BRY 10350
100 ## - MAIN ENTRY--PERSONAL NAME
Personal name Alan Bryman and Emma Bell
245 ## - TITLE STATEMENT
Title Business Research Methods
Statement of responsibility, etc. Alan Bryman and Emma Bell
250 ## - EDITION STATEMENT
Edition statement International Fourth Edition
260 ## - PUBLICATION, DISTRIBUTION, ETC.
Place of publication, distribution, etc. UK
Name of publisher, distributor, etc. Oxford
Date of publication, distribution, etc. 2015
300 ## - PHYSICAL DESCRIPTION
Extent 584p.
Other physical details pb
440 ## - SERIES STATEMENT/ADDED ENTRY--TITLE
Title Business Research Methods
942 ## - ADDED ENTRY ELEMENTS (KOHA)
Source of classification or shelving scheme
Koha item type Book
Call number prefix 650.072 BRY 10350
Holdings
Withdrawn status Lost status Source of classification or shelving scheme Damaged status Not for loan Collection code Permanent Location Current Location Shelving location Date acquired Total Checkouts Total Renewals Full call number Barcode Date last seen Date last checked out Price effective from Koha item type
            Central Library (CL) Central Library (CL) General Stacks 10/31/2017 6 3 650.072 BRY 10350 NBS10350 03/11/2026 09/15/2025 10/31/2017 Book
© 2023 Central Library, National University of Sciences and Technology. All Rights Reserved.